Services Computing for Language Resources

Describing the technologies to combine language resources flexibly as web services, this book provides valuable case studies for those who work in services computing, language resources, human-computer interaction (HCI), computer-supported cooperative work (CSCW), and service science. The authors ha...

Πλήρης περιγραφή

Λεπτομέρειες βιβλιογραφικής εγγραφής
Συγγραφή απο Οργανισμό/Αρχή: SpringerLink (Online service)
Άλλοι συγγραφείς: Murakami, Yohei (Επιμελητής έκδοσης, http://id.loc.gov/vocabulary/relators/edt), Lin, Donghui (Επιμελητής έκδοσης, http://id.loc.gov/vocabulary/relators/edt), Ishida, Toru (Επιμελητής έκδοσης, http://id.loc.gov/vocabulary/relators/edt)
Μορφή: Ηλεκτρονική πηγή Ηλ. βιβλίο
Γλώσσα:English
Έκδοση: Singapore : Springer Singapore : Imprint: Springer, 2018.
Έκδοση:1st ed. 2018.
Σειρά:Cognitive Technologies,
Θέματα:
Διαθέσιμο Online:Full Text via HEAL-Link
LEADER 05295nam a2200553 4500
001 978-981-10-7793-7
003 DE-He213
005 20191025221249.0
007 cr nn 008mamaa
008 180223s2018 si | s |||| 0|eng d
020 |a 9789811077937  |9 978-981-10-7793-7 
024 7 |a 10.1007/978-981-10-7793-7  |2 doi 
040 |d GrThAP 
050 4 |a QA75.5-76.95 
072 7 |a UT  |2 bicssc 
072 7 |a COM069000  |2 bisacsh 
072 7 |a UT  |2 thema 
082 0 4 |a 005.7  |2 23 
245 1 0 |a Services Computing for Language Resources   |h [electronic resource] /  |c edited by Yohei Murakami, Donghui Lin, Toru Ishida. 
250 |a 1st ed. 2018. 
264 1 |a Singapore :  |b Springer Singapore :  |b Imprint: Springer,  |c 2018. 
300 |a X, 225 p. 80 illus., 43 illus. in color.  |b online resource. 
336 |a text  |b txt  |2 rdacontent 
337 |a computer  |b c  |2 rdamedia 
338 |a online resource  |b cr  |2 rdacarrier 
347 |a text file  |b PDF  |2 rda 
490 1 |a Cognitive Technologies,  |x 1611-2482 
505 0 |a Part I Language Service Platform -- 1 Federated Grid Architecture for Language Services -- 2 Language Mashup: Personalized Language Service Platform -- Part II Language Service Composition -- 3 Language Service Composition Based on Higher Order Functions -- 4 Policy-Aware Language Service Composition -- 5 Optimizing Crowdsourcing Workflow for Language Services -- 6 Cascading-Failure Tolerance for Language Service Networks -- Part III Language Resources and Services Creation -- 7 A Constraint Approach to Lexicon Induction for Low-Resource Languages -- 8 Language Service Design Based on User-Centered QoS -- Part IV Understanding and Designing Language Services -- 9 Consistency Analysis in Multi-Language Knowledge Sharing System -- 10 Supporting Non-native Speakers' Listening Comprehension with Automated Transcripts -- 11 Translation Agent -- 12 Gaming for Language Services -- 13 Youth Mediated Communication: Knowledge Transfer as Intercultural Communication. 
520 |a Describing the technologies to combine language resources flexibly as web services, this book provides valuable case studies for those who work in services computing, language resources, human-computer interaction (HCI), computer-supported cooperative work (CSCW), and service science. The authors have been operating the Language Grid, which wraps existing language resources as atomic language services and enables users to compose new services by combining them. From architecture level to service composition level, the book explains how to resolve infrastructural and operational difficulties in sharing and combining language resources, including interoperability of language service infrastructures, various types of language service policies, human services, and service failures. The research based on the authors' operating experiences of handling complicated issues such as intellectual property and interoperability of language resources contributes to exploitation of language resources as a service. On the other hand, both the analysis based on using services and the design of new services can bring significant results. A new style of multilingual communication supported by language services is worthy of analysis in HCI/CSCW, and the design process of language services is the focus of valuable case studies in service science. By using language resources in different ways based on the Language Grid, many activities are highly regarded by diverse communities. This book consists of four parts: (1) two types of language service platforms to interconnect language services across service grids, (2) various language service composition technologies that improve the reusability, efficiency, and accuracy of composite services, (3) research work and activities in creating language resources and services, and (4) various applications and tools for understanding and designing language services that well support intercultural collaboration. 
650 0 |a Computers. 
650 0 |a Natural language processing (Computer science). 
650 0 |a Artificial intelligence. 
650 0 |a Computational linguistics. 
650 1 4 |a Information Systems and Communication Service.  |0 http://scigraph.springernature.com/things/product-market-codes/I18008 
650 2 4 |a Natural Language Processing (NLP).  |0 http://scigraph.springernature.com/things/product-market-codes/I21040 
650 2 4 |a Artificial Intelligence.  |0 http://scigraph.springernature.com/things/product-market-codes/I21000 
650 2 4 |a Computational Linguistics.  |0 http://scigraph.springernature.com/things/product-market-codes/N22000 
700 1 |a Murakami, Yohei.  |e editor.  |4 edt  |4 http://id.loc.gov/vocabulary/relators/edt 
700 1 |a Lin, Donghui.  |e editor.  |4 edt  |4 http://id.loc.gov/vocabulary/relators/edt 
700 1 |a Ishida, Toru.  |e editor.  |4 edt  |4 http://id.loc.gov/vocabulary/relators/edt 
710 2 |a SpringerLink (Online service) 
773 0 |t Springer eBooks 
776 0 8 |i Printed edition:  |z 9789811077920 
776 0 8 |i Printed edition:  |z 9789811077944 
776 0 8 |i Printed edition:  |z 9789811340017 
830 0 |a Cognitive Technologies,  |x 1611-2482 
856 4 0 |u https://doi.org/10.1007/978-981-10-7793-7  |z Full Text via HEAL-Link 
912 |a ZDB-2-SCS 
950 |a Computer Science (Springer-11645)